Guess the Taylor Swift song with no hint 95 - Statistics

General Stats
  • This quiz has been taken 1,034 times
  • The average score is 420 of 500
Answer Stats
Answer % Correct
I
100%
a
98%
you
98%
You
98%
the
97%
The
97%
we
96%
We
96%
in
95%
In
95%
me
95%
where
95%
your
95%
and
94%
And
94%
It
94%
it
94%
my
93%
to
93%
were
93%
we're
93%
(we're
93%
be
92%
"Go
92%
go
92%
go!"
92%
No
92%
no
92%
He
91%
he
91%
it's
91%
It's
91%
of
91%
was
91%
on
90%
time
89%
get
88%
That
88%
But
87%
but
87%
I'm
87%
love
87%
ever
86%
Don't
85%
never
85%
us
85%
win
85%
car
84%
first
84%
getaway
84%
like
84%
(oh!)
84%
oh
84%
(oh
84%
oh)
84%
saw
84%
Think
84%
see
83%
about
82%
didn't
82%
for
82%
'Cause
81%
drivin'
81%
Drivin'
81%
I'd
81%
knew
81%
last
81%
met
81%
There
81%
from
80%
good
80%
had
80%
leave
80%
nothin'
80%
place
80%
far
79%
heart
79%
him
79%
just
79%
they
79%
times
78%
left
77%
side
77%
worst
77%
bar
76%
best
76%
starts
76%
beat
75%
crimes
75%
keys
75%
money
75%
motel
75%
now
75%
stole
75%
we'd
75%
apart
74%
bag
74%
fell
74%
shot
74%
well
74%
with
74%
flyin'
73%
screamin'
73%
mystery
72%
needed
72%
such
72%
wanted
72%
Bonnie
71%
dark
71%
mean
71%
other
71%
pretend
71%
reason
71%
both
70%
marks
70%
Put
70%
spot
70%
white
70%
cursed
69%
Old
69%
"X"
69%
black
68%
mind
68%
sorry
68%
sorry)
68%
Clyde
67%
honey
67%
Ridin'
66%
shotgun
66%
sirens
66%
story
66%
surprise
66%
traitors
66%
every
65%
known
65%
myself
65%
Should've
65%
switched
64%
drinkin'
63%
Fashioned
63%
jet
63%
lyin'
63%
match
63%
three
63%
turned
63%
Until
63%
blew
62%
light
62%
set
62%
thinkin'
62%
after
61%
hit
61%
lies
61%
weren't
61%
break
60%
candlelight
60%
poisoned
60%
sideshow
60%
man
59%
runnin'
59%
prison
58%
shades
57%
ain't
56%
escape
56%
face
56%
gray
56%
great
56%
himself
55%
ties
55%
circus
53%
struck
53%
freedom
50%
ah
46%
While
36%
No matching quizzes found
Score Distribution
Percent of People with Each Score
Percentile by Number Answered
Your Score History
You have not taken this quiz